Sports Quiz

Random Sports or NFL Quiz

NFL Films Top 100 Greatest Players Quiz Stats

 Plays Quiz not verified by Sporcle

Score 0/100 Timer 10:00
1 Play Today
Rank Player % Correct
1Jerry Rice
95.6%
8Peyton Manning
95.6%
2Jim Brown
95.2%
4Joe Montana
93.9%
5Walter Payton
93.4%
3Lawrence Taylor
93%
66Willie Brown
93%
21Tom Brady
87.3%
17Barry Sanders
86.8%
28Emmitt Smith
86.8%
34Deion Sanders
86.4%
7Reggie White
86%
31Bruce Smith
86%
6Johnny Unitas
84.6%
18Ray Lewis
84.6%
20Brett Favre
84.6%
62Randy White
83.8%
80Troy Aikman
81.1%
65Randy Moss
80.3%
81Steve Young
78.9%
23John Elway
78.5%
25Dan Marino
78.1%
50Terry Bradshaw
77.6%
75Darrell Green
77.2%
45Tony Gonzalez
76.8%
10Dick Butkus
76.3%
100Joe Namath
76.3%
15Deacon Jones
75.4%
46Roger Staubach
75.4%
51Bart Starr
75%
11Ronnie Lott
74.6%
88Ed Reed
72.8%
61LaDainian Tomlinson
71.5%
13Joe Greene
71.1%
Rank Player % Correct
70Marshall Faulk
69.3%
92Michael Irvin
69.3%
52Eric Dickerson
67.5%
95Larry Allen
67.5%
77Tony Dorsett
67.1%
40O.J. Simpson
66.7%
85Marcus Allen
66.7%
59Mike Ditka
66.2%
67Kellen Winslow
66.2%
90Kurt Warner
66.2%
16Otto Graham
65.8%
22Gale Sayers
64.5%
55Earl Campbell
64.5%
12Anthony Munoz
64%
91Fran Tarkenton
61.8%
99Michael Strahan
61%
57Mike Singletary
60.5%
41Rod Woodson
58.8%
14Sammy Baugh
58.3%
29Jack Lambert
56.6%
60Jack Ham
56.6%
97Derrick Brooks
54.8%
30Night Train Lane
54.4%
78Bruce Matthews
53.5%
9Don Hutson
50.4%
72Jonathan Ogden
50.4%
43Alan Page
49.6%
73Ozzie Newsome
49.1%
44Mel Blount
48.7%
33Sid Luckman
46.5%
36Raymond Berry
46.1%
76Art Shell
46.1%
98Lee Roy Selmon
45.6%
38Lance Alworth
45.2%
Rank Player % Correct
19Bronko Nagurski
43.9%
68Mike Webster
43.9%
24John Hannah
43.4%
56Gene Upshaw
43.4%
47Ray Nitschke
42.5%
63Jim Otto
42.1%
42John Mackey
41.2%
26Bob Lilly
40.8%
35Chuck Bednarik
40.4%
48Red Grange
39.9%
27Merlin Olson
38.6%
82Ted Hendricks
36%
49Mike Haynes
35.1%
86Willie Davis
34.6%
71Paul Warfield
34.2%
93Sam Huff
34.2%
53Willie Lanier
33.8%
37Jim Thorpe
33.3%
39Gino Marchetti
30.7%
64Herb Adderley
30.7%
74Marion Motley
30.7%
54Forrest Gregg
29.4%
87Elroy Hirsch
29.4%
94Lenny Moore
28.5%
69Bobby Bell
26.8%
79Emlen Tunnell
26.3%
96Mel Hein
26.3%
32Jim Parker
24.1%
89Ernie Nevers
20.6%
84Joe Schmidt
18.9%
83Norm Van Brocklin
12.3%
58Steve Van Buren
9.2%

You're not logged in!

Compare scores with friends on all Sporcle quizzes.
OR
Log In

Show Comments

Extras

Top Quizzes Today


Score Distribution

Your Account Isn't Verified!

In order to create a playlist on Sporcle, you need to verify the email address you used during registration. Go to your Sporcle Settings to finish the process.

Report this User

Report this user for behavior that violates our Community Guidelines.

Details: